| 000 | 00000nam##2200000za#4500 |
| 001 | 9.661476 |
| 003 | CaOODSP |
| 005 | 20240209132628 |
| 007 | ta |
| 008 | 150407|2001||||xxc||||| f|0| 0 fre|d |
| 020 | |a0-662-64633-9 |
| 040 | |aCaOODSP|bfre |
| 041 | |aeng |
| 041 | |afre |
| 043 | |an-cn--- |
| 086 | 1 |aC89-4/27-1-2001 |
| 110 | 2 |aAgence de promotion économique du Canada atlantique. |
| 245 | 10|aMise sur pied, agrandissement et modernisation d'entreprises |
| 260 | |aMoncton - Nouveau-Brunswick : |bAgence de promotion économique du Canada atlantique |c2001. |
| 546 | |aBilingue |
| 563 | |aDépliant |
| 590 | |a01-49|b2001-12-07 |
| 691 | 07|aEntreprise|2gcpds |
| 691 | 07|aModernisation|2gcpds |
| 776 | 0#|tMise sur pied, agrandissement et modernisation d'entreprises |w(CaOODSP)9.638193 |
| 776 | 0#|tBusiness start-ups, expansions and modernizations |w(CaOODSP)9.694008 |
| 791 | |tBusiness start-ups, expansions and modernizations |eeng|w(CaOODSP)9.661475 |